Itineraires : langue et civilisation francaises par la video : fichier d'utilisation
Αποθηκεύτηκε σε:
| Κύριος συγγραφέας: | |
|---|---|
| Άλλοι συγγραφείς: | |
| Μορφή: | Βιβλίο |
| Γλώσσα: | French |
| Δημοσίευση: |
Paris :
Hachette,
c1992
|
| Θέματα: | |
| Ετικέτες: |
Προσθήκη ετικέτας
Δεν υπάρχουν, Καταχωρήστε ετικέτα πρώτοι!
|
MARC
| LEADER | 00000nam a2200000 i 4500 | ||
|---|---|---|---|
| 001 | 1/10980 | ||
| 008 | 000907s1992 fre d | ||
| 020 | |a 2-01-016294-3 | ||
| 035 | |l 10063660 | ||
| 040 | |a GR-MY-UA |b gre |e aacr | ||
| 041 | 0 | |a fre | |
| 082 | 0 | |a 448 | |
| 100 | 1 | |a Calmy, Bertrand. | |
| 245 | 1 | 0 | |a Itineraires : |b langue et civilisation francaises par la video : fichier d'utilisation / |c Bertrand Calmy, Anne-Marie Nisbet |
| 260 | |a Paris : |b Hachette, |c c1992 | ||
| 300 | |a various paging; |c 30 cm | ||
| 500 | |a 300 exercices pratiques d' utilisation de la video | ||
| 650 | 0 | 0 | |a French language |x Study and teaching |x Audio-visual aids. |
| 700 | 1 | |a Nisbet, Anne-Marie. | |
| 852 | |a INST |b RHODES |e 20000907 |h 448 CAL |p 005400008152 |q 005400008152 |t BK |y 0 | ||
| 852 | |a INST |b RHODES |e 20000907 |h 448 CAL |p 005400009891 |q 005400009891 |t BK |y 0 | ||
| 901 | |a BIBL4-2000-3 | ||
| 909 | |a Ρ |b 033946 | ||
| 909 | |a Ρ |b 018399 | ||
| 922 | |a 4ΕΛΗ |b 199312 | ||
| 922 | |b 199112 |a 4ΕΛΗ | ||
| 970 | |z 2000/09/ΣΟΦΙΑ | ||